| 000 | 00412nam a22001457a 4500 | ||
|---|---|---|---|
| 020 | _a0-8273-2532-0 | ||
| 082 | _a621.31 KUB'E | ||
| 100 |
_aKUBALA, THOMAS S _962341 |
||
| 245 | _aELECTRICITY - 2 ,DEVICES CIRCUITS AND MATERIALS | ||
| 250 | _a4TH | ||
| 260 |
_aNEWYORK _bDELMAR PUBLISHER _c1986 |
||
| 300 | _a126P | ||
| 650 |
_aELECTRIC ENGINEERING ELECTRIC CIRCUITS - ALTERNATING CURRENT _962342 |
||
| 942 | _cBK | ||
| 999 |
_c571476 _d571476 |
||